Library Banner

The family worship Bible : New international version (Record no. 11700)

MARC details
000 -LEADER
fixed length control field 00306nam a2200133Ia 4500
001 - CONTROL NUMBER
control field 10740
008 - FIXED-LENGTH DATA ELEMENTS--GENERAL INFORMATION
fixed length control field 140331s9999 xx 000 0 und d
040 ## - CATALOGING SOURCE
Transcribing agency PK-LaUMT
082 ## - DEWEY DECIMAL CLASSIFICATION NUMBER
Classification number 220
Item number FAM-
245 #4 - TITLE STATEMENT
Title The family worship Bible : New international version
260 ## - PUBLICATION, DISTRIBUTION, ETC. (IMPRINT)
Date of publication, distribution, etc 1991
546 ## - LANGUAGE NOTE
Language note EN
942 ## - ADDED ENTRY ELEMENTS (KOHA)
Koha item type Books
Holdings
Withdrawn status Lost status Damaged status Not for loan Home library Current library Date acquired Total Checkouts Full call number Barcode Date last seen Price effective from Koha item type
        UMT Main Campus UMT Main Campus 2014-03-31   220 FAM- 12327 2014-04-21 2014-04-21 Books